| 000 | 00450nam a2200157Ia 4500 | ||
|---|---|---|---|
| 005 | 20250624021019.0 | ||
| 008 | 240331s9999 xx 000 0 und d | ||
| 020 | _a9789551355012 | ||
| 082 |
_bWIJ _a331 |
||
| 100 | _aWijayachandra,S | ||
| 245 | 0 | _aWathu jana yahapathata krusikarmeka viplawayak | |
| 260 |
_aRajagiriya _bChankshe _c2006 |
||
| 300 | _a75 p ., | ||
| 500 | _aAn agricultural revolution for the benefit of the estate people | ||
| 942 | _cL | ||
| 999 |
_c5248 _d5248 |
||